Вестник инженеров и техников: научно-технический журнал
| Izenburu berria: | Научно-технические общества СССР Техника и наука Инженер |
|---|---|
| Aurreko izenburua: | Вестник инженеров |
| Egile korporatiboa: | , |
| Hizkuntza: | errusiera |
| Argitaratua: |
Москва, ВСНИТО, 1930-1953
|
| Gaiak: | |
| Formatua: | Aldizkako argitalpena |
| KOHA link: | https://koha.lib.tpu.ru/cgi-bin/koha/opac-detail.pl?biblionumber=467072 |
MARC
| LEADER | 00000nas1a2200000 4500 | ||
|---|---|---|---|
| 001 | 467072 | ||
| 005 | 20231102015354.0 | ||
| 035 | |a (RuTPU)RU\TPU\prd\131706 | ||
| 035 | |a RU\TPU\prd\584 | ||
| 090 | |a 467072 | ||
| 100 | |a 20120207b19151953k y0rusy50 ca | ||
| 101 | 0 | |a rus | |
| 102 | |a RU | ||
| 110 | |a agaz|||0uu0 | ||
| 200 | 1 | |a Вестник инженеров и техников |e научно-технический журнал |f Всесоюзный совет научно-технических обществ ; Московское Политехническое общество | |
| 210 | |a Москва |c ВСНИТО |d 1930-1953 | ||
| 305 | |a Издается с 1915 г. | ||
| 326 | |a 6 номеров в год | ||
| 430 | 1 | |0 (RuTPU)RU\TPU\prd\584 |t Вестник инженеров |f Всероссийская Ассоциация Инженеров ; Московское Политехническое общество ; Общество технологов |c М. |n Н. К. И. Д. |d 1922-1929 | |
| 440 | 1 | |0 (RuTPU)RU\TPU\prd\844 |x 8680-443X |t Научно-технические общества СССР |o массовый научно-технический и производственный журнал |f Всесоюзный совет научно-технических обществ ; ВЦСПС |c М. |n Профиздат |d 1968-1972 | |
| 440 | 1 | |0 (RuTPU)RU\TPU\prd\996 |x 8680-443X |t Техника и наука |o журнал для инженеров |f ВЦСПС |c М. |n Профиздат |d 1973-1990 | |
| 440 | 1 | |0 (RuTPU)RU\TPU\prd\1511 |t Инженер |o наука, техника, производство, образование |f Российский Союз научных и инженерных общественных объудинений |c М. |n Раменская типография |d 1990- | |
| 610 | 1 | |a инженерные технологии | |
| 610 | 1 | |a техника | |
| 610 | 1 | |a инженерно-строительное дело | |
| 610 | 1 | |a инженерное дело | |
| 610 | 1 | |a строительное дело | |
| 610 | 1 | |a материаловедение | |
| 610 | 1 | |a технология | |
| 675 | |a 62 |v 3 | ||
| 712 | 0 | 2 | |a Всесоюзный совет научно-технических обществ |2 stltpush |3 (RuTPU)RU\TPU\col\9971 |9 24773 |
| 712 | 0 | 2 | |a Московское Политехническое общество |2 stltpush |3 (RuTPU)RU\TPU\col\16285 |9 26367 |
| 801 | 0 | |a RU |b 63413507 |c 20011210 |g PSBO | |
| 801 | 2 | |a RU |b 63413507 |c 20140715 |g PSBO | |
| 942 | |c CR | ||